Villes de France en T - Statistiques

Statistiques générales
  • Ce quiz a été pris 143 fois
  • Le résultat moyen est 9 sur 15
Statistiques - réponses
Indices Villes % Correct
Ville de Meurthe-et-Moselle, possédant de nombreuses fortifications Vauban. Toul
98%
Préfecture de la Haute-Garonne, quatrième plus grande ville française, connu pour l'aéronautique. Toulouse
97%
Préfecture du Var, connu pour son grand port militaire. Toulon
93%
Plus grande ville de la région Centre, dans l'Indre-et-Loire, où le Parti Communiste Français a été crée. Tours
85%
Préfecture de la Corrèze, où François Hollande a été maire pendant des années. Tulle
75%
Ville de l'agglomération de Lille, souvent associée à Roubaix de part leur similitude. Tourcoing
74%
Préfecture des Hautes-Pyrénées, capitale historique de la Bigorre. Tarbes
73%
Ville de la région parisienne signifiant "Piège" en anglais. Trappes
67%
Préfecture de l'Aube, connue pour la conception d'andouillettes. Troyes
67%
Ville de Haute-Savoie située aux bords du Lac Léman. Thonon-les-Bains
53%
Ville girondine, où Kevin Mayer a réalisé le record du monde du décathlon en 2018. Talence
40%
Ville du Puy-de-Dôme, connu pour sa coutellerie. Thiers
36%
Ville industrielle lorraine, ayant la particularité de posséder un beffroi, comme dans le Nord. Thionville
33%
Ville du Rhône, ayant le satellite naturelle de la Terre dans son nom. Tassin la Demi-Lune
24%
Sous-préfecture de l'Ardèche au coeur de vignobles, à 20 kms de Valence. Tournon-sur-Rhône
16%
Aucun quiz correspondant
Distribution des résultats
% des personnes avec chaque résultat
Percentile par nombre de réponses
Votre historique - résultats
Vous n’avez pas pris ce quiz